| 000 | 00815cam a2200277 a 4500 | ||
|---|---|---|---|
| 001 | 12917403 | ||
| 005 | 20171214074346.0 | ||
| 008 | 020905s2002 enka b 001 0 eng | ||
| 010 | _a 2002512111 | ||
| 015 | _aGBA2-Z1527 | ||
| 020 | _a0761964665 | ||
| 020 | _a0761964673 (pbk.) | ||
| 035 | _a(OCoLC)ocm48885019 | ||
| 040 |
_aUKM _cUKM _dCUS _dDLC |
||
| 041 | _aeng | ||
| 080 | _a302.23083 | ||
| 082 | 0 | 0 | _a302.23083 |
| 100 | 1 | _a39 | |
| 101 | _aMED | ||
| 245 | 1 | 0 |
_aYoung people and new media : _cSonia Livingstone. |
| 246 | 3 | 0 | _aNew media |
| 504 | _aIncludes bibliographical references and indexes. | ||
| 906 |
_a7 _bcbc _ccopycat _d2 _encip _f20 _gy-gencatlg |
||
| 942 |
_2udc _cBK |
||
| 999 |
_c38942 _d38942 |
||